<?xml version="1.0" encoding="UTF-8"?>
<collection xmlns:xsi="http://www.w3.org/2001/XMLSchema-instance" xsi:schemaLocation="http://www.loc.gov/MARC21/slim http://www.loc.gov/standards/marcxml/schema/MARC21slim.xsd" xmlns="http://www.loc.gov/MARC21/slim">
 <record>
  <leader>00000cam a22000004i 4500</leader>
  <controlfield tag="001">UP-99796217612202726</controlfield>
  <controlfield tag="003">Buklod</controlfield>
  <controlfield tag="005">20160810153032.0</controlfield>
  <controlfield tag="006">a     r    |||| u|</controlfield>
  <controlfield tag="007">ta</controlfield>
  <controlfield tag="008">160810s2015    xx     d     r    |||| u|</controlfield>
  <datafield tag="020" ind1=" " ind2=" ">
   <subfield code="a">9780415856966 (hardback)</subfield>
  </datafield>
  <datafield tag="035" ind1=" " ind2=" ">
   <subfield code="a">(iLib)UPD-00257509309</subfield>
  </datafield>
  <datafield tag="040" ind1=" " ind2=" ">
   <subfield code="a">DLC</subfield>
   <subfield code="d">DEDUC</subfield>
   <subfield code="e">rda</subfield>
  </datafield>
  <datafield tag="041" ind1="0" ind2=" ">
   <subfield code="a">eng</subfield>
  </datafield>
  <datafield tag="042" ind1=" " ind2=" ">
   <subfield code="a">DMLUC</subfield>
  </datafield>
  <datafield tag="090" ind1=" " ind2=" ">
   <subfield code="a">LB 3013</subfield>
   <subfield code="b">R68 2015</subfield>
  </datafield>
  <datafield tag="245" ind1="0" ind2="4">
   <subfield code="a">The Routledge international handbook of social psychology of the classroom</subfield>
   <subfield code="c">edited by Christine M. Rubie-Davies, Jason M. Stephens, and Penelope Watson.</subfield>
  </datafield>
  <datafield tag="246" ind1="3" ind2="0">
   <subfield code="a">International handbook of social psychology of the classroom</subfield>
  </datafield>
  <datafield tag="264" ind1=" " ind2="1">
   <subfield code="a">London</subfield>
   <subfield code="b">Routledge</subfield>
   <subfield code="c">2015.</subfield>
  </datafield>
  <datafield tag="300" ind1=" " ind2=" ">
   <subfield code="a">xxvii, 397 pages</subfield>
   <subfield code="c">25 cm</subfield>
  </datafield>
  <datafield tag="336" ind1=" " ind2=" ">
   <subfield code="a">text</subfield>
   <subfield code="2">rdacontent</subfield>
  </datafield>
  <datafield tag="337" ind1=" " ind2=" ">
   <subfield code="a">unmediated</subfield>
   <subfield code="2">rdamedia</subfield>
  </datafield>
  <datafield tag="338" ind1=" " ind2=" ">
   <subfield code="a">volume</subfield>
   <subfield code="2">rdacarrier</subfield>
  </datafield>
  <datafield tag="504" ind1=" " ind2=" ">
   <subfield code="a">Includes bibliographical references and index</subfield>
  </datafield>
  <datafield tag="505" ind1="0" ind2=" ">
   <subfield code="a">Children's achievement motivation in school / Allan Wigfield, Katherine Muenks and Emily Q. Rosenzweig -- Seeing the big picture : a systemic perspective on motivation, and its implications for social and psychological research / Patricia L. Hardrâe -- The relationship between social class and students :  academic achievement goals : three hypotheses / Nathan Berger and Jennifer Archer -- Motivated learning : the relationship between student needs and attitudes / Jasmine Taylor, Helena D. Cooper-Thomas and Elizabeth R. Peterson -- The role of parents in students : motivational beliefs and values / Rebecca Lazarides, Judith Harackiewicz, Elizabeth Canning, Laura Pesu, and Jaana Viljaranta -- The role of meaning systems in the development of motivation / Helen Patrick and Panayota Mantzicopoulos -- Racial and ethnic identity / Frank Worrell -- Stigma : implications for student achievement and mentoring / C. Malik Boykin, Rodolfo Mendoza-Denton and Colette E. Patt  -- Optimizing Maori student success with the other three Rs : racial-ethnic identity, resilience and responsiveness / Melinda Webber -- In-school versus online discrimination : effects on mental health and motivation among diverse adolescents in the United States / Brendesha M. Tynes, Sophia Hiss, Allison M. Ryan and Chad Rose -- Countervailing forces in minority identity : enacting and avoiding &quot;good student&quot; behaviors / Rochelle M. Burnaford -- Origins and consequences of social status differences in middle childhood / Clark McKown -- Academic talk in the classroom : developments in research / Robyn M. Gillies -- Stereotype threat : looking back and moving forward / Penelope W. StJ. Wwatson -- Teacher-student relationships, motivation, and competence at school / Kathryn R. Wentzel -- The importance of teacher-student relationships for student engagement and achievement / Ammon J. Wilcken and Cary J. Roseth -- Student-teacher relationships at the tertiary level : prevailing perspectives, existing research and future possibilities / Mohamed Alansari -- Perceptual barriers to teacher-student relationships : overcoming them now and in the future / Maureen E. Brinkworth and Hunter Gehlbach -- Social withdrawal and schooling / Michael Ttownsend and Pamela Seccombe -- Power and subjectivities : Foucault and Havel on the complexities of the early years classroom / Marek Tesar -- The value of using observational and student report methodologies in classroom research / Erik A. Ruzek and Robert C. Pianta -- Classroom management : current research in the light of social psychology / Johanna Seiz and Mareike Kunter -- Learning environment : the influence of school and classroom space on education / Ulrike Stadler-Altmann -- The link between class climate and teacher and student emotions : implications for theory, research, and educational practice / Betty Becker-Kurz and Zoe A. Morris -- Teacher authority in diverse high school classrooms / Anne Gregory and Amori Yee Mikami -- How I spent my last 50-year vacation : Bob Rosenthal's lifetime of research into interpersonal expectancy effects / Robert Rosenthal and Christine M. Rubie-Davies -- Teacher expectations and within-classroom differentiation / Eddie Denessen and Alaster Scott Douglas -- Teacher judgment and student motivation / Detlef Urhahne and Mingjing Zhu -- Expecting more : teacher differences as moderators of expectancy effects / Christine M. Rubie-Davies -- Teacher expectation effects in the college foreign language classroom / Zheng Li and Christine M. Rubie-Davies -- Recent advances in research on teacher motivation and emotions / Robert Klassen and Tracy Durksen -- Teacher self-efficacy : a thriving area of research / Sindu George, Paul Richardson, and Jeffrey Dorman -- Teachers' emotional skills, motivation and well-being / Shane T. Harvey and Amanda Naus -- Contemporary professional boundaries and their relationship with teacher and student well-being / Zoe A. Morris -- The social psychology of the classroom : reflections about past, present and future / Elisha Babad.</subfield>
  </datafield>
  <datafield tag="650" ind1=" " ind2="0">
   <subfield code="a">Classroom management</subfield>
   <subfield code="x">Social aspects.</subfield>
  </datafield>
  <datafield tag="650" ind1=" " ind2="0">
   <subfield code="a">Teacher-student relationships</subfield>
   <subfield code="x">Psychological aspects.</subfield>
  </datafield>
  <datafield tag="650" ind1=" " ind2="0">
   <subfield code="a">Social psychology.</subfield>
  </datafield>
  <datafield tag="700" ind1="1" ind2=" ">
   <subfield code="a">Rubie-Davies, Christine M.</subfield>
   <subfield code="e">editor of compilation.</subfield>
  </datafield>
  <datafield tag="700" ind1="1" ind2=" ">
   <subfield code="a">Stephens, Jason M.</subfield>
   <subfield code="e">editor of compilation.</subfield>
  </datafield>
  <datafield tag="700" ind1="1" ind2=" ">
   <subfield code="a">Watson, Penelope</subfield>
   <subfield code="e">editor of compilation.</subfield>
  </datafield>
  <datafield tag="905" ind1=" " ind2=" ">
   <subfield code="a">FO</subfield>
  </datafield>
  <datafield tag="852" ind1="0" ind2=" ">
   <subfield code="a">UPD</subfield>
   <subfield code="b">DEDUC</subfield>
   <subfield code="h">LB 3013</subfield>
   <subfield code="i">R68 2015</subfield>
  </datafield>
  <datafield tag="942" ind1=" " ind2=" ">
   <subfield code="a">Book</subfield>
  </datafield>
 </record>
</collection>
